000 00852nam a22001937a 4500
003 0
005 20250207140612.0
008 250207b xxu||||| |||| 00| 0 eng d
050 _aHF 5437
_b.C38 2024
100 _aCaunca, Ivan Bien A.
245 _aPurchase request system(prs)
_bonline monitoring and approval of purchasing request for southville international school and colleges.
_cIvan Bien A. Caunca
260 _aLas Pinas City
_bSouthville International School and Colleges
_c2024
300 _axvi, 185 pages:
_bcolored pictures and illustration;
_c28cm.
500 _aBachelor of Science in Information Technology.
504 _aIncludes bibliographical references and appendices.
650 _aSupply chain management—Educational institutions.
650 _aEducational institution administration—Financial systems.
942 _2lcc
_cTH
999 _c367157
_d367157